| 000 | 01224nam a2200265Ia 4500 | ||
|---|---|---|---|
| 008 | 0000001998 sp ad 0000000000spa00 | ||
| 090 | _aPSP00 A43a | ||
| 100 | 1 | _aAliX, Josefina | |
| 245 | 1 | 0 |
_aAlfonso de Olivares, 18981936 _c/ texto Josefina Alix _b: fotografías Joaquin Cortés |
| 300 |
_a73 p. _c/ 27 cm. |
||
| 500 | _aRegistro auspiciado por la FGAA. Bogotá | ||
| 501 | _aEl vanguardismo en la pintura / Alfonso de Olivares Una vida entre paréntesis / Josefina AiX | ||
| 505 | _aOBRAS : Paris Toro Caras Composición Bodegón Composición abstracta Arboles Vista de Almodovar del Río Payaso Trapecista Circo Figura con instrumento musical Composición geométrica Arbol de navidad | ||
| 600 | 0 | 0 |
_aOLIVARES, ALFONSO DE, 18981936/ _xTRABAJOS PICTORICOS |
| 650 | 1 | 4 | _aARTE MODERNO ESPAÑOL |
| 650 | 1 | 4 | _aARTISTAS PLASTICOS ESPAÑOLES |
| 650 | 1 | 4 | _xCATALOGOS |
| 650 | 1 | 4 | _aENSAYOS, CONFERENCIAS, ETC |
| 650 | 1 | 4 | _aPINTORES ESPAÑOLES |
| 650 | 1 | 4 | _aPINTURA AL OLEO |
| 650 | 1 | 4 | _aPINTURA MODERNA ESPAÑOLA |
| 650 | 1 | 4 | _aVANGUARDIA (ARTE) ESPAÑA |
| 700 | 1 | _aCortés, Joaquín \ Olivares, Alfonso de, 18981936. | |
| 999 |
_c10672 _d10672 |
||
| 260 |
_aMadrid : Guillermo de Osma Galería _c1998 |
||